Recombinant DNA; Science ethics and politics (Record no. 38146)

MARC details
000 -LEADER
fixed length control field 00391nam a2200145Ia 4500
082 ## - DEWEY DECIMAL CLASSIFICATION NUMBER
Classification number 579.225:577.213.7
Item number RIC
245 #0 - TITLE STATEMENT
Title Recombinant DNA; Science ethics and politics
260 ## - PUBLICATION, DISTRIBUTION, ETC. (IMPRINT)
Place of publication London
Name of publisher Academic
Year of publication 1978
650 ## - SUBJECT ADDED ENTRY--TOPICAL TERM
Topical Term Nitrogen fixation
650 ## - SUBJECT ADDED ENTRY--TOPICAL TERM
Topical Term Pathogensis
650 ## - SUBJECT ADDED ENTRY--TOPICAL TERM
Topical Term Recombinant DNA
700 ## - ADDED ENTRY--PERSONAL NAME
Personal name RICHARDS, John
942 ## - ADDED ENTRY ELEMENTS (KOHA)
Koha item type Books
Holdings
Withdrawn status Lost status Damaged status Not for loan Home library Current library Date acquired Full call number Accession Number Koha item type
        RRII Library RRII Library 16/12/2021 579.225:577.213.7 RIC 18510 Books